|
|
|
|
| LEADER |
00000nab a2200000 a 4500 |
| 001 |
vtls000487868 |
| 003 |
SK-MaSNL |
| 005 |
20260319074121.0 |
| 008 |
160216c1993 xo 0 hun |
| 015 |
|
|
|a SNBRB19rr/mm-uuuuu
|
| 035 |
|
|
|a CL0488005
|
| 040 |
|
|
|a SNKBUCL
|b slo
|c SNKBUCL
|e AACR2
|
| 041 |
0 |
|
|a hun
|
| 044 |
|
|
|a xo
|c SK
|
| 080 |
|
|
|a 271.5-051(437.6=945.11)
|2 1981
|
| 080 |
|
|
|a 929 Puss P., Sándor
|2 1981
|
| 100 |
1 |
|
|a Puss, Sándor P.
|4 aut
|9 983056
|
| 245 |
1 |
0 |
|a Egy magyar jezsuita Szlovákiában
|c Sándor Puss P., Zoltán Radványi
|
| 300 |
|
|
|b Fotogr. 1
|
| 600 |
1 |
7 |
|a Puss P., Sándor
|d ?-
|x rozhovory
|2 snkbucl
|9 983057
|
| 655 |
|
7 |
|a články z novín a časopisov
|2 snkbucl
|9 267496
|
| 700 |
1 |
|
|a Radványi, Zoltán
|4 aut
|9 364725
|
| 773 |
0 |
|
|t Remény
|g Roč. 4, č. 25 (1993), s. 6
|
| 850 |
|
|
|a Slovenská národná knižnica v Martine
|a DSG001
|
| 852 |
|
|
|a SNK
|b KIS3GCP
|
| 958 |
|
|
|a BX
|
| 958 |
|
|
|a RK
|
| 958 |
|
|
|a HU
|
| 992 |
|
|
|a RBX
|
| 999 |
|
|
|c 1576831
|d 1578761
|